000
00263nam a2200109Ia 4500
008
200302s9999 xx 000 0 und d
100
_a
Kamal Shankar Srivastava
245
_a
The Art of Magadha
260
_b
Sangeeta Prakashan
260
_c
1995
300
_a
183 P.,
999
_c
2467
_d
2467